Columbus yang berani

Bibliographic Details
Main Author: Azlin,Iskandar
Format: Book
Published: Selangor : Ilmu Media Trade , 2005
Series:Siri tokoh ternama
Subjects:

MARC

LEADER 00000cam a2200000 7i4500
001 0000057646
005 20220105105401.0
008 160102
020 |a 9833296130 
090 0 0 |a BIO   |b MAL 
100 1 |a Azlin,Iskandar 
245 1 0 |a Columbus yang berani   |c Azlin Iskandar 
260 |a Selangor :   |b Ilmu Media Trade ,   |c 2005 
300 |a 35pg. :   |b ill. 
490 1 |a Siri tokoh ternama 
500 |a Children ages 7-9 years old (orange) 
650 0 |a Children's stories, Malay 
999 |a 0001138890   |b Book   |c Children Collection   |e Cawangan Tangkak